<L'> Argus journal international des assurances

Na minha lista:
Detalhes bibliográficos
Formato: Periódico
Idioma:francês
Publicado em: Paris Annonces judicaires et légales 1975
Tags: Adicionar Tag
Sem tags, seja o primeiro a adicionar uma tag!

MARC

LEADER 00000nas2a2200000 4500
001 0007032
005 20250730114231.4
022 |a 1257-3655 
041 0 |a fre 
044 |a FR 
245 1 0 |a <L'> Argus  |b journal international des assurances 
264 1 |a Paris  |b Annonces judicaires et légales  |c 1975 
300 |a 3 zv. 
773 0 |w eu_un_cat*0006878